| 000 | 00694cam a2200205 a 4500 | ||
|---|---|---|---|
| 999 |
_c9784 _d9784 |
||
| 003 | OSt | ||
| 005 | 20220302190745.0 | ||
| 008 | 080204s2008 enka 001 0 eng | ||
| 010 | _a 2008005287 | ||
| 020 | _a9780521897945 (hardback) | ||
| 082 | 0 | 0 |
_a624.17 _222 _bHEY |
| 100 | 1 | _aHeyman, Jacques. | |
| 245 | 1 | 0 |
_aBasic structural theory / _cJacques Heyman. |
| 260 |
_aCambridge ; _aNew York : _bCambridge University Press, _c2008. |
||
| 300 |
_axii, 134 p. : _bill. ; _c23 cm. |
||
| 500 | _aIncludes index. | ||
| 650 | 0 |
_aStructural analysis (Engineering) _xMathematical models. |
|
| 856 | 4 | 2 |
_3Publisher description _uhttp://www.loc.gov/catdir/enhancements/fy0811/2008005287-d.html |
| 942 | _2ddc | ||